00935ntm a22002177a 450000500170000000800410001704000280005808200170008610000420010324501320014526000100027730000380028750001830032559000110050865000400051965300230055965500090058294200080059199900170059995201010061620170810124300.0170802s2013 xx a frb 000 0 eng d aEG-ScBUEbengcEG-ScBUE04222a624bCON1 aConstantine, Omar Ezz el-dine Hisham.10aUltra high strength by using mineral admixtures and supplementry cementing materials /cby Omar Ezz el-dine Hisham Constantine. c2013. av, 46 p. :bill. (col.) ;c28 cm. aA dissertation submitted to the faculty of engineering. the British university in Egypt, in partial Fulfillment of the requirements for the bachelor degree in civil engineering. akarima 72BUEshaCivil Engineering.vProjects bENGCIVcAugust2017 vSPRO 2ddc c25274d25246 00102ddc4070aMAINbMAINc2NDd2017-08-08l0o624 CONp000046383r2025-07-15 00:00:00yPROJST